Nghề nuôi trâu
Nội dung sách giới thiệu về kỹ thuật chăn nuôi trâu, phương pháp phòng trị bệnh và phương pháp nuôi trâu để lấy giống.
Đã lưu trong:
| Hovedforfatter: | |
|---|---|
| Format: | Bog |
| Sprog: | Undetermined |
| Udgivet: |
Hà Nội
Nông nghiệp
2011
|
| Fag: | |
| Tags: |
Tilføj Tag
Ingen Tags, Vær først til at tagge denne postø!
|
| Thư viện lưu trữ: | Trung tâm Học liệu Trường Đại học Cần Thơ |
|---|
| LEADER | 00798nam a2200217Ia 4500 | ||
|---|---|---|---|
| 001 | CTU_180738 | ||
| 008 | 210402s9999 xx 000 0 und d | ||
| 020 | |c 13500 | ||
| 082 | |a 636.293 | ||
| 082 | |b T527 | ||
| 100 | |a Đỗ, Kim Tuyên | ||
| 245 | 0 | |a Nghề nuôi trâu | |
| 245 | 0 | |c Đỗ Kim Tuyên, Hoàng Kim Giao, Hoàng Thị Thiên Hương | |
| 260 | |a Hà Nội | ||
| 260 | |b Nông nghiệp | ||
| 260 | |c 2011 | ||
| 520 | |a Nội dung sách giới thiệu về kỹ thuật chăn nuôi trâu, phương pháp phòng trị bệnh và phương pháp nuôi trâu để lấy giống. | ||
| 650 | |a Cattle,Trâu | ||
| 650 | |x Breeding,Chăn nuôi | ||
| 904 | |i Tuyến | ||
| 980 | |a Trung tâm Học liệu Trường Đại học Cần Thơ | ||